Inazuma Eleven and Inazuma Eleven GO Characters Quiz - Statistics

General Stats
  • This quiz has been taken 2,407 times
  • The average score is 24 of 35
Answer Stats
Character's Name The Vital Clue... % Correct
Mark Evans He's the main man in the whole story!
95%
Axel Blaze Known as the flame striker of Okinawa...
93%
Jude Sharp Provides brilliant tactics, has distinctive blue goggles
91%
Nathan Swift Has long blue hair and amazing speed...
89%
Xavier Foster Former captain of Genesis, Bright red hair
83%
Jack Wallside The iron-wall defence of the team...
81%
Shawn Froste Comes from Hokkaido, Known for his skills
80%
Byron Love Captain of Zeus Junior High, looks like a girl because of his hair
79%
Arion Sherwind Main character in Inazuma Eleven Go!
78%
Erik Eagle Friends with Silvia, plays for America
75%
David Samford Long friend of Jude Sharp, star striker of Royal Academy
74%
Jordan Greenway Captain of Gemini Storm, distinctive green hair
74%
Darren LaChance Looks up to Mark Evans, from Fauxshore
72%
Nelly Raimon Daughter of Raimon Junior High Chairman, takes a fancy to Mark Evans...
72%
Caleb Stonewall Captain of Royal Academy Redux, has a red tattoo and a mohawk
71%
Celia Hills Sister of Jude Sharp, budding journalist
69%
Claude Beacons Captain of Prominence
68%
Bryce Whytingale Captain of Diamond Dust
66%
Joseph King Goalkeeper of Royal Academy, MASSIVE HAIR!
66%
Dave Quagmire Captain of Epsilon and Advanced Epsilon
65%
Riccardo Di Rigo The captain of the new Raimon Football Club, likes music
65%
Ray Dark Former manager of Royal Academy, Royal Academy Redux and Orpheus
64%
Edgar Partinus Captain of the Queen's Knights, Excalibur
63%
Paolo Bianchi Vice-Captain of Orpheus, Odin Sword
62%
Silvia Woods Friends with Erik and Mark
61%
Camelia Travis Daughter of the Inazuma National Manager
59%
Hector Helio Captain of Little Gigantes, God Hand X, Soul Hand, X Blast
58%
Seymour Hillman Manager of Raimon Football Club, old man with big grey beard
57%
Percival Travis Manager of Inazuma National
55%
Hide Nakata Captain of Orpheus, Brave Shot
52%
Thiago Torres Captain of The Empire, Iron Wall
52%
Lina Schiller Manager of Raimon Junior High against all of the Alius Football Teams
51%
Mac Robingo Captain of The Kingdom, Samba Strike
51%
Jean-Pierre Lapin The guy above's best friend
50%
Changsu Choi Captain of Fire Dragon, an amazing tactician
41%
No matching quizzes found
Score Distribution
Percent of People with Each Score
Percentile by Number Answered
Your Score History
You have not taken this quiz